Bajirao Peshwe/ (Record no. 208795)

MARC details
000 -LEADER
fixed length control field 00547nam a22001697a 4500
005 - DATE AND TIME OF LATEST TRANSACTION
control field 20250127123818.0
010 ## - LCCN (DPL NO)
LC control number ENG-143599
020 ## - INTERNATIONAL STANDARD BOOK NUMBER
International Standard Book Number 9789393757333
Terms of availability 195.00
035 ## - SYSTEM CONTROL NUMBER
System control number EN-127131
037 ## - SOURCE OF ACQUISITION
Source of stock number/acquisition DBAD
082 ## - DEWEY DECIMAL CLASSIFICATION NUMBER
Classification number 921
245 ## - TITLE STATEMENT
Title Bajirao Peshwe/
Statement of responsibility, etc By Vishwakarma Publications
260 ## - PUBLICATION, DISTRIBUTION, ETC. (IMPRINT)
Place of publication, distribution, etc Maharashtra
Name of publisher, distributor, etc Vishwakarma Publications
270 ## - ADDRESS
Address 34A / 1, Suyog Centre, 7th Floor, Gultekadi Marketyard Road, Giridhar Bhavan Chowk, Pune
City Maharashtra
Postal code 411037
300 ## - PHYSICAL DESCRIPTION
Extent 142p.
Dimensions 21cm(pb)
942 ## - ADDED ENTRY ELEMENTS (KOHA)
Source of classification or shelving scheme Dewey Decimal Classification
Item type English Books
Classification part 921
Call number suffix BAJ
Holdings
Withdrawn status Lost status Not for loan Collection code Home library Current library Date acquired Source of acquisition Cost, normal purchase price Full call number Barcode Copy number Cost, replacement price Koha item type
      Non-fiction Vinoba Puri Vinoba Puri 27/01/2025 Delivery of Books Act Division 195.00 921 BAJ EN-127131 1 195.00 English Books

© Delhi Public Library
Hit Counter
free hit counter